Score 0/300 Timer 20:00
3 Plays Today
Rank Name % Correct
26John
92.2%
7Michael
88.3%
9James
87.1%
5William
86.2%
18David
83.7%
16Matthew
82.5%
54Thomas
81.3%
41Jack
81.2%
61Robert
80.4%
10Daniel
79.8%
76Jose
79.4%
30Christopher
79.1%
201Paul
79%
189Mark
78.5%
204Peter
78%
134George
77.3%
128Alex
77.2%
22Andrew
75.8%
20Joseph
75.4%
144Steven
75%
283Andre
73.8%
28Luke
73.4%
4Jacob
72.9%
12Benjamin
72.8%
141Richard
72.7%
51Charles
72.7%
8Alexander
72.7%
23Samuel
72.2%
258Stephen
72.1%
79Adam
70.9%
44Jonathan
70.1%
168Brian
68.9%
33Henry
68.7%
37Ryan
68%
160Edward
67.9%
70Kevin
67.5%
21Anthony
67.2%
25Joshua
67.1%
38Nathan
66.7%
75Jason
66.6%
57Nicholas
66.1%
135Timothy
64.7%
82Zachary
64.4%
50Aaron
64.3%
17Jackson
63.8%
2Liam
62.2%
123Eric
62%
193Sean
61.7%
1Noah
61.5%
96Justin
61.4%
19Lucas
60.8%
32Oliver
60.6%
72Tyler
60.4%
6Ethan
60.1%
178Kyle
60.1%
71Brandon
59.3%
153Patrick
59.2%
148Bryan
58.1%
190Jake
57.9%
42Christian
57.3%
77Ian
57.3%
158Marcus
57.2%
225Charlie
56.6%
49Eli
56.2%
185Luca
56.2%
55Jordan
55.8%
58Evan
55.1%
152Victor
54.5%
31Isaac
54.5%
14Aiden
54%
169Jeremy
53.9%
184Bradley
53.5%
97Leo
52.8%
94Nathaniel
52.5%
112Max
52.4%
104Vincent
51.9%
111Jesus
51.6%
170Alan
51.5%
3Mason
51.4%
266Jeffrey
50.2%
29Dylan
50%
52Connor
49.8%
98Juan
49.7%
53Cameron
49.5%
262Martin
48.3%
191Kenneth
48.2%
289Louis
47.7%
36Owen
47.6%
11Elijah
47.1%
66Austin
46.4%
15Jayden
45.8%
88Xavier
45.7%
35Caleb
45.7%
117Carlos
45.5%
13Logan
44.8%
56Jeremiah
44.1%
205Derek
44.1%
27Carter
44%
281Andy
44%
40Hunter
43.3%
Rank Name % Correct
126Theodore
43.3%
24Gabriel
43.1%
48Isaiah
43%
187Aidan
42.2%
140Colin
41.8%
183Oscar
41.6%
47Julian
41.5%
127Harrison
41.5%
116Cole
41%
231Simon
40.8%
180Abraham
40.4%
78Chase
40.4%
138Jonah
40.2%
84Blake
40.1%
299Johnny
40%
174Jesse
39.5%
139Antonio
39.3%
172Jaden
39.2%
250Seth
39%
209Jax
38.9%
220Cody
38.9%
276Trevor
38.6%
264Raymond
38.4%
107Maxwell
38.2%
155Grant
37.9%
60Gavin
37.5%
62Brayden
37.4%
277Shane
37.4%
46Jaxon
37.2%
132Ivan
37.1%
221Dean
36.8%
73Parker
36.7%
154Joel
36.6%
217Elliot
36.4%
59Adrian
36.3%
142Hayden
36.2%
39Wyatt
35.7%
91Carson
35.4%
229Conner
35.3%
296Jared
35.3%
86Cooper
35.1%
146Miguel
35.1%
43Landon
35%
114Leonardo
35%
173Riley
34.9%
252Travis
34.4%
131Bryce
34.4%
108Miles
34.2%
143Ashton
34.1%
198Caden
34%
195Brady
34%
130Wesley
33.9%
34Sebastian
33.9%
74Ayden
33.8%
223Collin
33.3%
196Nicolas
33.2%
69Dominic
33.1%
211Xander
33%
67Angel
33%
99Luis
32.9%
109Micah
32.9%
63Grayson
32.6%
101Tristan
32.2%
210Peyton
32.2%
64Josiah
32%
182Calvin
31.9%
236Garrett
31.7%
65Colton
31.7%
297Edwin
31.5%
197Cayden
31.5%
253Devin
31.5%
45Levi
31.5%
90Kayden
31.3%
162Jude
31.1%
92Brody
31.1%
102Damian
31%
207Jorge
30.9%
249Damien
30.8%
85Jaxson
30.8%
230Lukas
30.4%
256Ricardo
30.1%
157Alejandro
30.1%
265Manuel
29.9%
186Avery
29.9%
81Nolan
29.8%
257Erick
29.6%
93Asher
29.5%
234Finn
29.2%
171Kaden
29%
149Preston
28.9%
177Kai
28.7%
300Edgar
28.7%
237Jaiden
28.4%
216Javier
28.2%
270Mario
28.2%
199Graham
27.9%
274Troy
27.9%
224Zane
27.8%
68Jace
27.7%
247Spencer
27.1%
Rank Name % Correct
87Lincoln
26.7%
246Zander
26.7%
261Eduardo
26.6%
233Elliott
26.5%
133Greyson
26.3%
164Abel
26.2%
181Ezekiel
26.1%
124Kaiden
26.1%
147Kaleb
26%
103Elias
26%
156Emmett
25.9%
119Ezra
25.9%
208Tanner
25.8%
272Caiden
25.8%
271Clayton
25.3%
214Omar
25%
100Camden
25%
89Bentley
24.8%
248Chance
24.6%
145Axel
24.5%
167Everett
24.4%
129Diego
24.4%
273Cristian
24.3%
95Ryder
23.8%
159Jameson
23.6%
165Emmanuel
23.6%
232Francisco
23.5%
243Judah
23.4%
282Tyson
23.4%
226Myles
23.3%
222Andres
23.1%
218Jasper
23%
136Weston
22.9%
267Felix
22.9%
118Bryson
22.9%
137Silas
22.7%
150Jayce
22.3%
105Jase
22.2%
113Roman
22.1%
122Declan
22%
166Bennett
21.9%
278Kameron
21.7%
80Hudson
21.7%
83Easton
21.5%
106Mateo
21.5%
121Braxton
21.3%
263Fernando
21%
268Dallas
20.9%
240Israel
20.7%
176Tucker
20.6%
192Maximus
20.2%
175King
20.2%
110Sawyer
20.1%
194Karter
20.1%
275Cash
20%
242August
19.5%
291Hector
19.3%
202Gage
19.2%
288Skyler
19.1%
203Corbin
18.9%
219Rylan
18.8%
294Landen
18.6%
125Giovanni
18.2%
151Ryker
18.1%
292Holden
18%
260Paxton
17.9%
179Malachi
17.7%
163Maddox
17.5%
284Donovan
17.4%
239Rowan
16.8%
293Rafael
16.6%
280Emilio
16.2%
259Reid
16%
241Griffin
15.9%
120Brantley
15.9%
295Lane
15.8%
212Amir
15.7%
161Kingston
15.5%
287River
15.4%
238Keegan
15.4%
235Gunner
15.4%
245Brooks
15.4%
228Beau
14.9%
255Zion
14.8%
115Santiago
14.8%
269Josue
14.7%
188Zayden
14%
244Beckett
13.8%
290Cruz
13.7%
206Maverick
13.6%
200Jayceon
13.3%
227Lorenzo
13%
285Titus
12.9%
251Waylon
12.9%
279Cesar
12.7%
215Iker
12.4%
298Messiah
12.4%
286Knox
12.1%
254Emiliano
11.8%
213Gael
11.6%

You're not logged in!

Compare scores with friends on all Sporcle quizzes.
OR
Log In

Sporcle TV

Today on Sporcle TV


Watch our educational content, quiz creation guides, and fun videos on Sporcle TV.

Show Comments

Extras

Top Quizzes Today


Score Distribution

Paid Content

Your Account Isn't Verified!

In order to create a playlist on Sporcle, you need to verify the email address you used during registration. Go to your Sporcle Settings to finish the process.

Report this User

Report this user for behavior that violates our Community Guidelines.

Details: